| 000 | 00821nam a22002177a 4500 | ||
|---|---|---|---|
| 003 | OSt | ||
| 005 | 20231005094710.0 | ||
| 008 | 221006b |||||||| |||| 00| 0 eng d | ||
| 040 | _cBiblioteca Lado V | ||
| 082 |
_a707 _bN193n |
||
| 110 |
_91161 _aNanyang Technological University _eeditor |
||
| 245 |
_aNTU CCA IDEAS FEST 2016-17 | Cities for people/ _bProjects, workshops, events 13-22 january 2017/ |
||
| 260 |
_aNTU Center for Contemporary Art Singapore _bCorea _c2017 |
||
| 300 |
_c60x42cm _a8p. |
||
| 366 | _eeng | ||
| 650 |
_2Tesauro de Arte & Arquitectura _aARTE _9703 |
||
| 650 |
_2Tesauro de Arte & Arquitectura _aEDUCACIÓN _9702 |
||
| 650 |
_2Tesauro de Arte & Arquitectura _aPROYECTOS _9702 |
||
| 650 |
_2Tesauro de Arte & Arquitectura _aARTE PROYECTO |
||
| 942 |
_2ddc _c1 _h707 _i N193n _n0 |
||
| 999 |
_c4483 _d4483 |
||